Gulliver's Travels Franchise - Statistics

General Stats
  • This quiz has been taken 8 times
  • The average score is 7 of 15
Answer Stats
Type Year Name Info % Correct
Children's Novel 1726 Gulliver's Travels Jonathan Swift
100%
Film 1924 Gulliver's Travels Renaissance-Film
100%
Film 1939 Gulliver's Travels Paramount
100%
Film 1977 Gulliver's Travels Arrow Films / Sunn Classic Pictures
100%
TV Mini-Series 1996 Gulliver's Travels NBC
100%
Film 2010 Gulliver's Travels 20th Century Fox
100%
TV Show 1992-1993 Saban's Gulliver's Travels Antenne 2 / Syndication
83%
Short Film 1903 Gulliver in the Land of the Giants ????
0%
Short Film 1934 Gulliver Mickey Walt Disney
0%
Short Film 1902 Gulliver's Travels Among the Lilliputians and the Giants Star Film Company
0%
Film 1965 Gulliver's Travels Beyond the Moon Toei / Continental Distributing
0%
Film 2003 Jajantaram Mamantaram iDream Productions
0%
Film 1960 The 3 Worlds of Gulliver Columbia
0%
TV Show 1968-1969 The Adventures of Gulliver ABC
0%
Film 1935 The New Gulliver Mosfilm
0%
No matching quizzes found
Score Distribution
Percent of People with Each Score
Percentile by Number Answered
Your Score History
You have not taken this quiz